Catálogo
 En Linea
Vista normal Vista MARC

Entrada Nombre personal

Número de registros utilizados en: 2

001 - NÚMERO DE CONTROL

  • campo de control: 77371

003 - IDENTIFICADOR DEL NÚMERO DE CONTROL

  • campo de control: BNPHU

005 - FECHA Y HORA DE LA ÚLTIMA TRANSACCIÓN

  • campo de control: 20240301124642.0

008 - DATOS DE LONGITUD FIJA

  • campo de control de longitud fija: 201123|| aca||aabn | a|a d

040 ## - FUENTE DE LA CATALOGACIÓN

  • Centro catalogador/agencia de origen: DO-SdBNP
  • Lengua de catalogación: spa
  • Centro/agencia transcriptor: BNPHU
  • Normas de descripción: rda

100 1# - ENCABEZAMIENTO-NOMBRE DE PERSONA

  • Nombre de persona: Green, Pedro N.,
  • Fechas asociadas al nombre: 1938-

370 ## - LUGAR ASOCIADO

  • Lugar de nacimiento: San Cristóbal, República Dominicana

372 ## - CAMPO DE ACTIVIDAD

  • Campo de actividad: Medicina

374 ## - OCUPACIÓN

  • Ocupación: Ortopeda
  • Ocupación: Maestro

375 ## - GÉNERO/SEXO

  • Género/Sexo: Masculino

377 ## - LENGUA/LENGUAJE ASOCIADO

  • Código del idioma: spa

400 1# - TRAZADO DE VÉASE--NOMBRE DE PERSONA

  • Nombre de persona: Green, Pedro,
  • Fechas asociadas al nombre: 1938-

670 ## - FUENTE DE DATOS ENCONTRADOS

  • Cita de la fuente: Work cat.: (OSt): Green, Pedro N. 1938-, Accidentes de tránsito : , 2004.(Medico graduado en la Universidad Autónoma de Santo Domingo; tiene una especialización en ortopedia de los hospitales Salvador B. Gautier y Mount Vernon en Nueva York; regresó a la República Dominicana en 1974 para ocupar el cargo de Jefe de Ortopedia en el Hospital Juan Pablo Pina; ex profesor y coordinador del departamento de ortopedia y traumatología en varias universidades dominicanas)

Con tecnología Koha